Statistiques concernant (Kingdom Hearts) Membres de l'Organisation XIII

Cliquez ici pour prendre le quiz!

Statistiques générales

  • Ce quiz a été pris 84 fois
  • Le résultat moyen est 12 sur 14

Statistiques - réponses

Numéro et SurnomNoms% Correct
VIII - Rafale des Flammes DansantesAxel
100%
XIII - La Clé du DestinRoxas
100%
I - Le SupérieurXemnas
98%
XIVXion
92%
XI - L'Assassin SublimeMarluxia
91%
II - L'ArcherXigbar
91%
VII - Le Devin LunaireSaïx
89%
XII - La Nymphe FurieuseLarxene
86%
IX - Mélopée NocturneDemyx
85%
IV - Le Savant GlacialVexen
85%
X - Le Joueur du DestinLuxord
82%
III - La Lance TourbillonanteXaldin
77%
VI - Le Conspirateur TénébreuxZexion
77%
V - Le Héros SilencieuxLexaeus
69%

Distribution des résultats

Percentile par nombre de réponses

% des personnes avec chaque résultat

Votre développement - résultats

Vous n’avez pas pris ce quiz